Χώρες με Ένα Σύνορο - Statistics

General Stats
  • This quiz has been taken 95 times
  • The average score is 10 of 17
Answer Stats
Συνοριακή Χώρα Χώρα % Correct
Ηνωμένο Βασίλειο Ιρλανδία
78%
Ηνωμένες Πολιτείες Καναδάς
77%
Βόρεια Κορέα Νότια Κορέα
75%
Νότια Αφρική Λεσότο
72%
Ισπανία Πορτογαλία
68%
Ιταλία Άγιος Μαρίνος
62%
Ιταλία Βατικανό
60%
Ιρλανδία Ηνωμένο Βασίλειο
60%
Γερμανία Δανία
58%
Ινδονησία Παπούα Νέα Γουινέα
55%
Γαλλία Μονακό
53%
Δομινικανή Δημοκρατία Αϊτή
47%
Μαλαισία Μπρουνέι
45%
Αϊτή Δομινικανή Δημοκρατία
43%
Ινδονησία Ανατολικό Τιμόρ
42%
Σαουδική Αραβία Κατάρ
42%
Σενεγάλη Γκάμπια
32%
No matching quizzes found
Score Distribution
Percent of People with Each Score
Percentile by Number Answered
Your Score History
You have not taken this quiz